00465 a2200145 4500040001400000082002500014100002900039245008100068250001900149260006400168300000900232600002900241650002100270700002800291 aULA-LD-MS b043.2 658.3/COS/Im3 aCOSTA, Maria Kambundo Da aA Importńcia Da Valorização Do Capital Humano Na Universidade De Belas a1ª Edição aLuanda/AngolabUniversidade Lusa̕da de AngolacLuanda/2021 a60p. 0aCOSTA, Maria Kambundo Da aRecursos Humanos aMaria Kambundo Da Costa